Datum a čas kvízu
25.5
Celkem bodů
Celkový počet nahraných bodů na tomto kvízu bez doplňovacích otázek.
7.
Pořadí na kvízu
Konečné umístění týmu na tomto kvízu.
Zaznamenané odpovědi
| # | Otázka | Odpověď | Body | Výsledky |
|---|---|---|---|---|
| 1. | Jeden muž dostal nabídku k náv... | Miroslav Kalousek | 0 | |
| 2. | Jeden z vystupujících v opeře... | spadly mu kalhoty | 1 | |
| 3. | V sobotu se v Liverpoolu konal... | Vesna | 1 | |
| 4. | Poslední dny se diskutuje o ch... | CBD | 1 | |
| 5. | Která třicetiletá sportovkyně... | Eva Adamczyková (Samková) | 0 | |
| 6. | V tomto tématu jsme se probral... | bod: D – v hospodě, půlbod: B – na stadionu | 1 | |
| 7. | Co na člověku prozradí, že ho... | bod: A – zčervená, půlbod: D – má erekci | 1 | |
| 8. | Co udělá vášnivý kuřák, když m... | bod: C – koupí si jiné, půlbod: A – hledá nedopalky | 1 | |
| 9. | Co si berete do postele, když... | bod: C – pes, půlbod: D – dítě | 1 | |
| 10. | Z jakého důvodu sáhnete po alk... | bod: C – oslava, půlbod: B – stres | 1 |